LEADER 01506nam a2200349 u 4500 001 000000057680 003 CaOOAMICUS 005 20070226120616.0 008 010515s1988 it u000 u ita u 020 $a8804315504 035 $a10888842 040 $aPUL(R)$bita 041 1 $aita$hrus 100 1 $aTolstoj, Lev Nikolaevic,$cgraf,$d1828-1910.$0(OLS)http://pul/name/33092 240 10$aGruppi, scelte$9(Tolstoj, Lev Nikolaevi?, graf, 1828-1910).$lItaliano.$0(OLS)http://pul/title/77221 245 10$aPerchč la gente si droga? :$be altri saggi su societą politica e religione /$cLeo Tolstoy ; a cura di Igor Sibaldi. 260 $aMilano :$bMondadori,$c1988. 300 $a764 p. ;$c19 cm 490 1 $aOscar Mondadori$aSaggi ;$v124 650 4$aDroghe.$0(OLS)http://pul/subject/18090 700 1 $aSibaldi, Igor.$0(OLS)http://pul/name/40213 830 0$aOscar saggi ;$v124.$0(OLS)http://pul/title/40677 850 $aPUL 852 $aPUL$W1$xDP1 Altre Collocazioni$y17$mSenza collocazione$j12$nBK-PRI$b $qStampati$B75400$CPULBib$Z2$F75400 $H $81 900 $aTolstoi, Leone$933092 900 $aTolstoj, Lev$933092 941 1 $a8 960 $aDroga$918090 960 $aStupefacenti$918090 996 $6020$a8804315504$9(OLS)http://pul/number/72914 996 $6245$aPerchč la gente si droga? :$be altri saggi su societą politica e religione$9(OLS)http://pul/title/77222 996 $6260$aMilano :$bMondadori$9(OLS)http://pul/publisher/50297 LEADER 01945nam a2200409 a 4500 001 000000136109 003 CaOOAMICUS 005 20131106180903.0 008 131106s2013 vc u000 u ita r 020 $a978-88-465-0888-1 040 $aPUL$bita 245 00$aGiovanni XXIII e Paolo VI :$bi due papi del Concilio /$cPhilippe Chenaux (ed.) 260 $aCittą del Vaticano :$bLateran University Press,$c©2013. 300 $a348 p. ;$c24 cm. 490 1 $aCentro studi sul Concilio Vaticano II ;$v3 500 $aBibliografia in nota. 600 04$aIohannes PP.$bXXIII,$cs.,$d1881-1963.$0(OLS)http://pul/subject/1939 600 04$aPaulus PP.$bVI,$csanto,$d1897-1978.$0(OLS)http://pul/subject/5648 611 24$aConcilium Vaticanum$n(2 :$d1962-1965)$xStudi.$0(OLS)http://pul/subject/18479 700 1 $aChenaux, Philippe,$d1959-$0(OLS)http://pul/name/38246 830 0$aStudi e documenti sul Concilio Vaticano II ;$v3.$0(OLS)http://pul/title/97846 850 $aPUL 852 $aPUL$W1$xSL Religione 1$y3$m27 L 3$j156884$qStampati$q $B156281$CPULBib$Z2$F156281 $H123188 $81 941 1 $a8 960 $aPapi (1963-1978 : Paulus PP. VI)$95648 960 $aPapi (1963-1978 : Paulus PP. VI)$95648 960 $aPaolo VI,$cpapa, b.,$d1897-1978$95648 960 $aMontini, Giovanni Battista,$cb.,$d1897-1978$95648 960 $aPapi (1958-1963 : Iohannes PP. XXIII)$91939 960 $aPapi (1958-1963 : Iohannes PP. XXIII)$91939 960 $aRoncalli, Angelo Giuseppe,$cs.,$d1881-1963$91939 960 $aGiovanni$bXXIII,$cpapa, s.,$d1881-1963$91939 983 0$aCentro studi sul Concilio Vaticano II . 996 $6020$a978-88-465-0888-1$9(OLS)http://pul/number/153872 996 $6245$aGiovanni XXIII e Paolo VI :$bi due papi del Concilio$9(OLS)http://pul/title/172112 996 $6260$aCittą del Vaticano :$bLateran University Press$9(OLS)http://pul/publisher/74585